The Deśīnāmamālā of Hemacandra : (Record no. 7885)
[ view plain ]
| 000 -LEADER | |
|---|---|
| fixed length control field | 00984cam a22002417 4500 |
| 001 - CONTROL NUMBER | |
| control field | 7885 |
| 003 - CONTROL NUMBER IDENTIFIER | |
| rucl marc code | BD-RjUL |
| 005 - DATE AND TIME OF LATEST TRANSACTION | |
| control field | 20211208234506.0 |
| 008 - FIXED-LENGTH DATA ELEMENTS--GENERAL INFORMATION | |
| fixed length control field | 140116s1931 ii 001 0 eng d |
| 035 ## - SYSTEM CONTROL NUMBER | |
| System control number | (BD-RjUL)7929 |
| 040 ## - CATALOGING SOURCE | |
| Original cataloging agency | DLC |
| Transcribing agency | DLC |
| Modifying agency | BD-RjUL |
| Language of cataloging | eng |
| 041 ## - LANGUAGE CODE | |
| Language code of text/sound track or separate title | eng |
| 082 ## - DEWEY DECIMAL CLASSIFICATION NUMBER | |
| Classification number | 491.2 |
| Author mark and year | BAD 1931 |
| 100 0# - MAIN ENTRY--PERSONAL NAME | |
| Personal name | Banerjee Muralydhar |
| Dates associated with a name | 1088-1172. |
| 9 (RLIN) | 24612 |
| 245 14 - TITLE STATEMENT | |
| Title | The Deśīnāmamālā of Hemacandra : |
| Remainder of title | Ed. with the help of 2 mss. and Pischel's ed. of 1880 with an introd., index to the text and commentary and English translation of the text and extracts from the commentary of Hemachandra with a complete glossary of Deśī words from all sources with references, derivation and meanings / |
| Statement of responsibility, etc. | by Muralydhar Banerjee. |
| 260 ## - PUBLICATION, DISTRIBUTION, ETC. (IMPRINT) | |
| Place of publication, distribution, etc. | [Calcutta] |
| Name of publisher, distributor, etc. | Univ. of Calcutta, |
| Date of publication, distribution, etc. | 1931. |
| 300 ## - PHYSICAL DESCRIPTION | |
| Pagination | vii, 283p. ; |
| Size | 24 cm. |
| 504 ## - BIBLIOGRAPHY, ETC. NOTE | |
| Bibliography, etc | Includes index |
| 650 ## - SUBJECT ADDED ENTRY--TOPICAL TERM | |
| Topical term or geographic name as entry element | Prakrit languages -- Glossaries, vocabularie |
| 9 (RLIN) | 24613 |
| 942 ## - ADDED ENTRY ELEMENTS (KOHA) | |
| Source of classification or shelving scheme | Dewey Decimal Classification |
| Koha item type | Books |
| Lost status | Source of classification or shelving scheme | Damaged status | Not for loan | Collection code | Permanent Location | Current Location | Shelving location | Date acquired | Source of acquisition | Cost, normal purchase price | Total Checkouts | Full call number | Date last seen | Copy number | Koha item type |
|---|---|---|---|---|---|---|---|---|---|---|---|---|---|---|---|
| Dewey Decimal Classification | Non-fiction | Central Library, University of Rajshahi | Central Library, University of Rajshahi | 24/11/1962 | Karim International | 7.50 | 491.2 BAD 1931 | 16/01/2014 | C-1 | Books |